Normal view MARC view

Entry Topical Term

Number of records used in: 1

001 - CONTROL NUMBER

  • control field: 15970

003 - CONTROL NUMBER IDENTIFIER

  • control field: OSt

005 - DATE AND TIME OF LATEST TRANSACTION

  • control field: 20250405035135.0

008 - FIXED-LENGTH DATA ELEMENTS

  • fixed length control field: 250405|| aca||aabn | a|a d

040 ## - CATALOGING SOURCE

  • Original cataloging agency: OSt
  • Transcribing agency: OSt

150 ## - HEADING--TOPICAL TERM

  • Topical term or geographic name entry element: ACT -- Graduates

670 ## - SOURCE DATA FOUND

  • Source citation: Work cat.: (OSt)3991: Blanca, Elizabeth L., author. 15566, Employability of the graduates of Bachelor of Science in Hotel and Restaurant Management (BSHRM) and Associate in Computer Technology (ACT) of Cavite State University-Rosario, Rosario Cavite, S.Y. 2003-2004 to 2004-2005 /, 2006